Guess the Geometry Dash level. - Statistics

General Stats
  • This quiz has been taken 72 times
  • The average score is 7 of 15
Answer Stats
Hint Answer % Correct
Started the Nine Circles trend. Nine Circles
100%
The first main level to include Breakable Blocks. Electroman Adventures
81%
The hardest verified remake of Sonic Wave. Sonic Wave Infinity
76%
The "G" in the original RGB trilogy. Erebus
61%
Rainbow blocks were used in an asymmetrical dual, by KrmaL. Falling Up
52%
The level that dethroned Tartarus, but then got moved to #2. The Golden
52%
Zobros level that is fully in slow speed. Also my hardest. Acropolis
48%
Layout easy demon by TriAxis. Dear Nostalgists
46%
The level that Technical uploaded to youtube and the link had a slur. LIMBO
41%
Started the Travel trend. Lonely Travel
39%
First level in the ice gauntlet. Amplification
30%
The 4th level of Geometry Dash World. Years
28%
2.0 Megacollab verified by Combined. Artificial Ascent
26%
Nisha's solo extreme, uses a song by Xomu. Verdant Landscape
19%
Extreme demon by EndLevel, uses a NONG. Cognition
15%
No matching quizzes found
Score Distribution
Percent of People with Each Score
Percentile by Number Answered
Your Score History
You have not taken this quiz